000 00340nam a22001457a 4500
003 OSt
005 20160727222402.0
008 160623b xxu||||| |||| 00| 0 eng d
040 _cTEST
100 _9716
_aConrad, P
245 _aI Don't Live Here!
260 _aNEW YORK
_bE.P. DUTTON
_c1984
300 _aI Don't Live Here!
942 _2ddc
_cBK
999 _c582
_d582